| 000 | 00435cam a2200181ua 4500 | ||
|---|---|---|---|
| 020 | _c20.00 | ||
| 041 |
_aeng _h |
||
| 082 |
_a591 _bEKA/OU |
||
| 100 | _aAyyar, Ekambaranath . | ||
| 245 |
_aOutlines of zoology / _cEkambaranath Ayyar. _hTextual Documents |
||
| 250 |
_a1 / _b. |
||
| 260 |
_aChennai : _bS.Viswanathan , _c1968. |
||
| 300 | _a789 ; . | ||
| 365 | _a20.00 | ||
| 504 | _a | ||
| 942 | _cBK | ||
| 999 |
_c9964 _d9964 |
||